Tornadoes with a fatality count of 50 or more - Statistics

General Stats
  • This quiz has been taken 38 times
  • The average score is 5 of 93
Answer Stats
Year Answer Fatalities % Correct
2011 Joplin MO EF5 158
94%
1925 "Tri-State" MO-IL-IN F5 695
61%
2011 Hackleburg-Phil Campbell AL EF5 72
33%
2011 Tuscaloosa-Birmingham AL EF4 64
33%
2021 Mayfield-Bremen-Dawson Springs KY EF4 58
21%
1953 Waco TX F5 114
21%
1953 Flint-Beecher MI F5 116
18%
1936 Tupelo MS F5 216
18%
1936 Gainesville GA F4 203
12%
1903 Gainesville GA F4 #2 98
12%
1947 Glazier-Higgins-Woodward-Hardtner TX-OK-KS F5 181
12%
1840 Natchez MS F4 317
12%
1955 Udall KS F5 80
12%
1971 Inverness-Oxford MS F4 58
9%
1913 Omaha NE-IA F4 103
9%
1966 Candlestick Park MS F5 58
6%
1989 Daulatpur-Saturia Bangladesh F3 1300
6%
1902 Goliad TX F4 114
6%
1899 New Richmond WI F5 117
6%
1905 Olustee-Snyder OK F5 75
6%
1927 Saint Louis MO F3 79
6%
1896 Saint Louis MO F4 255
6%
1896 Sherman TX F5 73
6%
1908 Amite-Purvis LA-MS F4 143
3%
1888 Dhaka Bangladesh FU 118
3%
1969 Dhaka Bangladesh FU #2 660
3%
1902 Dhaka Bangladesh FU #3 88
3%
1984 Ivanovo Russia F4 69
3%
1893 Pomeroy IA F5 71
3%
1927 Rocksprings-Leaky TX F5 74
3%
1973 San Justo Argentina F5 80
3%
1897 Sava-Oria Italy F4 250
3%
1944 Shinnston WV F4 100
3%
1953 Worchester MA F4 94
3%
1920 Aberdeen MS-AL F4 88
0%
1945 Antlers OK F5 69
0%
1972 Bakta Bangladesh FU 200
0%
1888 Balai Bangladesh FU 70
0%
1973 Balurchar Bangladesh FU 681
0%
1990 Bangala Bangladesh FU 76
0%
1961 Bariaya Bangladesh FU 62
0%
1883 Beauregard MS F4 56
0%
1964 Bhabanipur Bangladesh FU 500
0%
1996 Bhuapur Bangladesh F4 700
0%
1860 Camanche IA F4 92
0%
1993 Chowmuhani Bangladesh FU 50
0%
1942 Claremore-Pryor Creek OK F4 52
0%
1917 Clinton KY F4 67
0%
1942 Coffeeville MS F4 63
0%
1973 Dangi Bangladesh FU 200
0%
1974 Dupchachia Bangladesh FU 100
0%
1919 Fergus Falls MN F5 57
0%
1898 Fort Smith AR F4 55
0%
2016 Funing China EF4 98
0%
1983 Gaighata India FU 50
0%
1991 Gazipur Bangladesh FU 121
0%
1972 Golacipa Bangladesh FU 300
0%
1991 Gournadi Bangladesh FU 50
0%
1882 Grinnell IA F5 68
0%
1967 Kanaksar Bangladesh FU 77
0%
1993 Kandi India F2 145
0%
1978 Karimpur India FU 128
0%
1998 Kasiari India F2 250
0%
1963 Koch Bihar India F4 300
0%
1838 Kolkata India FU 215
0%
1924 Leesburg SC F4 53
0%
1921 Linden-Texarkana TX-LA F4 59
0%
1924 Lorain OH F4 85
0%
1890 Louisville KY F4 76
0%
1871 Maplewood WI FU 60
0%
1917 Mattoon-Charleston IL F4 101
0%
1927 Maynard AR-MO F4 98
0%
1845 Montville France F5 75
0%
1951 Noapara Bangladesh FU 200
0%
1981 Parshuram Bangladesh FU 200
0%
1981 Patna India FU 121
0%
1920 Peggs OK F4 71
0%
1977 Rajoir-Kusli Bangladesh FU 111
0%
1961 Roypara Bangladesh FU 210
0%
1886 Saint Cloud MN F4 74
0%
1952 Searcy AR F4 50
0%
1968 Shariatpur Bangladesh FU 200
0%
1977 Shibchar-Madaripur Bangladesh FU 500
0%
1880 Springfield MO F4 99
0%
1969 Taltoli Bangladesh FU 263
0%
1969 Tongi Bangladesh FU 109
0%
1986 Tungipara Bangladesh FU 120
0%
1908 Vidalia LA-MS 91
0%
1945 Warren AR F4 55
0%
1969 Xiqing China F4 98
0%
1977 Xundian China F3 103
0%
1966 Yan Dou Qu China F4 87
0%
1983 Yuanjipu China F4 81
0%
No matching quizzes found
Score Distribution
Percent of People with Each Score
Percentile by Number Answered
Your Score History
You have not taken this quiz